Teaching about the Holocaust
| Titel: | Teaching about the Holocaust : a CD-ROM for Educators |
|---|---|
| Veröffentlicht: | Washington, D.C. : United States Holocaust Memorial Museum, 2006 |
| Umfang: | 1 CD-ROM |
| Format: | CD |
| Sprache: | Englisch |
X
alg: 46877447 001A $03004:07-09-20 001B $03004:08-09-20 $t07:53:24.000 001D $03004:07-09-20 001U $0utf8 001X $00 002@ $0Sau 002C $aComputerprogramm $bcop $2rdacontent 002D $aComputermedien $bc $2rdamedia 002E $aComputerdisk $bcd $2rdacarrier 003@ $0468774475 003O $01193318496 $aOCoLC 006C $0836789210 $aOCoLC 006L $0569342066 $2KXP 006L $09569342064 $2BSZ 007A $0569342066 $aGBV 010@ $aeng 010E $erda 011@ $a2006 $n2006 021A $aTeaching about the Holocaust $da CD-ROM for Educators 033A $pWashington, D.C. $nUnited States Holocaust Memorial Museum 034D $a1 CD-ROM 044K $RJudenverfolgung $RNationalsozialistisches Verbrechen $RVernichtungslager $#Holocaust, Jewish (1939-1945) $#Shoah $#Holocausto judío (1939-1945) $#Endlösung $#Holocaust $#Holokaust $#Judenfrage Endlösung $#Schoah $#Shoah $#Shoʾah $#Shoa $#Drittes Reich Judenvernichtung $#Šô'ā $#Juden Vernichtung $74073091-8 $8Judenvernichtung [Ts1] $9085205818 044K $REuropa $ROstblock $ROstmitteleuropa $#Europa, Ost $#Östliches Europa $#Central Europe Osteuropa $74075739-0 $8Osteuropa [Tg1] $9085214396 044K $#USHMM $#Holocaust Memorial Museum USA $#Holocaust Memorial Museum Washington, DC $#Holocaust Museum Washington, DC $#US Holocaust Memorial Museum $#Holocaust Museum Washington, D.C. $#U.S. Holocaust Memorial Museum $#Holocaust Museum USA $75075370-8 $8United States Holocaust Memorial Museum [Tb1] $9044887124 044K $RBildungseinrichtung $#Schools $#Écoles $#Schulwesen $#Schulform $#Schulart $#Schulsystem $#Schulen $74053474-1 $8Schule [Ts1] $9085148385 044K $RBildungsplanung $RCurriculum $RHeimlicher Lehrplan $RStoffverteilungsplan $#Education Curricula $#Programmes d'études $#Programas de estudio $#curriculum $#Lehrplan $#Lehrplan $#Bildungsplan Lehrplan $#Rahmenrichtlinie Formschlagwort $#Lehrpläne $74035117-8 $8Lehrplan [Ts1] $9085094706 045F $a909.049240973090511 $eDDC23BSB 045F/01 $a909.04924 045F/03 $f090511 045F/03 $g73 lok: 46877447 24 exp: 46877447 24 1 #EPN 201B/01 $008-09-20 $t07:53:24.000 201C/01 $007-09-20 201U/01 $0utf8 203@/01 $01122550294 208@/01 $a08-09-20 $bz 209A/01 $aERes 1051 $du $f050 $hERES 1051 $x00 209C/01 $a20.03307 G $h20 03307 G 209G/01 $a74195393 $x00 220C/01 $ahae 247C/01 $8358050-7Marburg, Bibliothek des Herder-Instituts Marburg $9102600961
| LEADER | 00000cam a2200000 c 4500 | ||
|---|---|---|---|
| 001 | 468774475 | ||
| 003 | DE-603 | ||
| 005 | 20200908075324.0 | ||
| 007 | c||||||||||||| | ||
| 008 | 200907s2006 xx |||| q| u00||u|eng c | ||
| 035 | |a (DE-599)GBV569342066 | ||
| 035 | |a (DE-627)569342066 | ||
| 035 | |a (DE-576)9569342064 | ||
| 035 | |a (OCoLC)1193318496 | ||
| 040 | |a DE-603 |b ger |c DE-603 |d DE-603 |e rda | ||
| 041 | |a eng | ||
| 082 | 0 | 4 | |8 1\u |a 909.049240973090511 |q DE-101 |2 23/BSB |
| 085 | |8 1\u |b 909.04924 | ||
| 085 | |8 1\u |z 1 |s 090511 | ||
| 085 | |8 1\u |z 2 |s 73 | ||
| 245 | 0 | 0 | |a Teaching about the Holocaust |b a CD-ROM for Educators |
| 264 | 1 | |a Washington, D.C. |b United States Holocaust Memorial Museum |c 2006 | |
| 300 | |a 1 CD-ROM | ||
| 336 | |a Computerprogramm |b cop |2 rdacontent | ||
| 337 | |a Computermedien |b c |2 rdamedia | ||
| 338 | |a Computerdisk |b cd |2 rdacarrier | ||
| 610 | 1 | 7 | |a United States Holocaust Memorial Museum |2 gnd |0 (DE-588)5075370-8 |0 (DE-603)044887124 |
| 650 | 7 | |a Judenvernichtung |0 (DE-588)4073091-8 |0 (DE-603)085205818 |2 gnd | |
| 650 | 7 | |a Schule |0 (DE-588)4053474-1 |0 (DE-603)085148385 |2 gnd | |
| 650 | 7 | |a Lehrplan |0 (DE-588)4035117-8 |0 (DE-603)085094706 |2 gnd | |
| 651 | 7 | |a Osteuropa |0 (DE-588)4075739-0 |0 (DE-603)085214396 |2 gnd | |
| 924 | 0 | |9 Mb 50 |a (DE-603)1122550294 |b DE-Mb50 |c HES |d c |g ERes 1051 | |


